[Event "Sao Paulo-chT"]
[Site "Sao Paulo"]
[Date "2019.03.10"]
[Round "7.4"]
[White "Tavares Neto, Estevao"]
[Black "Patino, Adilia"]
[Result "1-0"]
[WhiteElo "1885"]
[BlackElo "1876"]
[PlyCount "61"]
[EventDate "2019.02.23"]
[EventType "team-tourn"]
[EventRounds "7"]
[EventCountry "BRA"]
[SourceTitle "CBM 189 Extra"]
[Source "ChessBase"]
[SourceDate "2019.06.03"]
[SourceVersion "1"]
[SourceVersionDate "2019.06.03"]
[SourceQuality "1"]
[WhiteTeam "Sao Jose Taimanov"]
[BlackTeam "PMFC"]
[WhiteTeamCountry "BRA"]
[BlackTeamCountry "BRA"]

1. Nf3 Nf6 2. g3 d5 3. Bg2 c5 4. d3 Nc6 5. 0-0 e6 6. c3 Be7 7. Nbd2 0-0 8. Qc2 e5 9. e4 h6 10. Re1 d4 11. Nf1 Be6 12. Rd1 Rc8 13. Ne1 Qd7 14. f4 Bh3 15. f5 Bxg2 16. Qxg2 dxc3 17. bxc3 Qc7 18. g4 Qa5 19. Bd2 Rfd8 20. h4 Qa3 21. g5 hxg5 22. hxg5 Nh5 23. Qg4 Nf4 24. Bxf4 exf4 25. g6 fxg6 26. fxg6 Kf8 27. Qe6 Ke8 28. Rd2 Nd4 29. cxd4 Rc6 30. Qf7+ Kd7 31. Nf3 1-0

[Event "Cuiaba Contaud op"]
[Site "Cuiaba"]
[Date "2017.07.30"]
[Round "5"]
[White "Da Silva, Marcelo Rosa"]
[Black "Patino, Adilia"]
[Result "0-1"]
[WhiteElo "1773"]
[BlackElo "1945"]
[PlyCount "120"]
[EventDate "2017.07.28"]
[EventType "swiss"]
[EventRounds "6"]
[EventCountry "BRA"]
[SourceTitle "EXT 2018"]
[Source "ChessBase"]
[SourceDate "2017.10.13"]
[SourceVersion "1"]
[SourceVersionDate "2017.10.13"]
[SourceQuality "1"]

1. c4 Nf6 2. Nf3 c5 3. Nc3 d6 4. g3 Nc6 5. Bg2 g6 6. d3 Bg7 7. Rb1 0-0 8. 0-0 Bd7 9. a3 a5 10. Bd2 Rb8 11. Nb5 d5 12. e3 Bf5 13. Bc3 dxc4 14. e4 Be6 15. Ng5 Qd7 16. Nxe6 Qxe6 17. Nc7 Qd7 18. Nd5 cxd3 19. Qxd3 Nxd5 20. exd5 b6 21. Bxg7 Kxg7 22. Qb5 Ne5 23. Qxd7 Nxd7 24. Rfe1 Rfe8 25. Re3 Nf6 26. Rbe1 Kf8 27. Re5 Rbd8 28. Rd1 Rd6 29. Rde1 Nd7 30. R5e3 b5 31. b3 Nb6 32. Rc1 c4 33. bxc4 bxc4 34. Rec3 Rc8 35. Kf1 Kg7 36. f4 Rc5 37. Ke2 Rb5 38. R1c2 Rb3 39. Bf3 Kf6 40. Ke3 Na4 41. Rxb3 cxb3 42. Rc1 b2 43. Rb1 Rb6 44. Kd2 Rb3 45. Bd1 Rxa3 46. Bxa4 Rxa4 47. Rxb2 Rd4+ 48. Ke3 Rxd5 49. Rb7 Rc5 50. Ra7 g5 51. Ke4 gxf4 52. Kxf4 Rc4+ 53. Ke3 a4 54. Ra6+ e6 55. Kd3 Rg4 56. Ra5 Kg6 57. Ke3 h6 58. Kf3 Rb4 59. Kf2 Rb2+ 60. Kg1 Ra2 0-1

[Event "Sao Paulo Cordioli Memorial"]
[Site "Sao Paulo"]
[Date "2015.09.07"]
[Round "6"]
[White "Hoshino, Karen M"]
[Black "Patino, Adilia"]
[Result "0-1"]
[WhiteElo "1808"]
[BlackElo "1964"]
[PlyCount "146"]
[EventDate "2015.09.05"]
[EventType "swiss"]
[EventRounds "6"]
[EventCountry "BRA"]
[SourceTitle "EXT 2024"]
[Source "ChessBase"]
[SourceDate "2023.10.10"]
[SourceVersion "1"]
[SourceVersionDate "2023.10.10"]
[SourceQuality "1"]

1. d4 Nf6 2. c4 g6 3. Nc3 Bg7 4. e4 d6 5. f3 0-0 6. Be3 Nbd7 7. Qd2 c5 8. d5 a6 9. 0-0-0 Rb8 10. g4 Qa5 11. h4 b5 12. Bh6 b4 13. Nb1 Qxa2 14. h5 Ne5 15. hxg6 fxg6 16. Bxg7 Kxg7 17. Qh6+ Kg8 18. Nd2 Bd7 19. Be2 Rf7 20. Nh3 Qa1+ 21. Nb1 b3 22. Qd2 Rb4 23. Qc3 a5 24. Ng5 Rg7 25. Rdf1 Bc8 26. Kd2 Qa4 27. Na3 Ba6 28. Rc1 Qd7 29. Rh2 Qa4 30. Rhh1 Bc8 31. Rh2 Nf7 32. Nxf7 Rxf7 33. Ke3 e6 34. Nb5 exd5 35. cxd5 Rxb5 36. Bxb5 Qxb5 37. Qd3 Qxd3+ 38. Kxd3 Ba6+ 39. Kd2 Bb5 40. e5 Nxd5 41. exd6 c4 42. Rf2 Rd7 43. f4 Rxd6 44. f5 Nb4+ 45. Ke3 Rd7 46. Rg1 Nd3 47. Rh2 a4 48. f6 Nb4 49. g5 Nc2+ 50. Kf4 Bc6 51. Ke5 a3 52. bxa3 Nxa3 53. Ke6 Nb5 54. Rf1 Nd4+ 55. Ke5 Rd5+ 56. Ke4 Rf5+ 57. Kxd4 Rxf1 58. Kxc4 Rf3 59. Rd2 Be8 60. Rd8 Kf7 61. Rb8 Rg3 62. Rb7+ Kg8 63. Rb8 Kf8 64. Kd4 Rxg5 65. Rxb3 Rf5 66. Rb7 h5 67. Rb6 Kf7 68. Ke3 Rxf6 69. Rb2 Bc6 70. Rh2 Rf3+ 71. Ke2 Kf6 72. Rh4 Kg5 73. Rb4 Rf5 0-1

[Event "Sao Paulo Salles Cup 3rd"]
[Site "Sao Paulo"]
[Date "2015.03.21"]
[Round "4"]
[White "Patino, Adilia"]
[Black "Nikolic, Jovane"]
[Result "1-0"]
[WhiteElo "1966"]
[BlackElo "1743"]
[PlyCount "55"]
[EventDate "2015.03.20"]
[EventType "swiss"]
[EventRounds "6"]
[EventCountry "BRA"]
[SourceTitle "CBM 165 Extra"]
[Source "ChessBase"]
[SourceDate "2015.04.21"]
[SourceVersion "1"]
[SourceVersionDate "2015.04.21"]
[SourceQuality "1"]

1. c4 Nf6 2. d4 c5 3. Nf3 g6 4. Nc3 cxd4 5. Nxd4 Bg7 6. e4 d6 7. Be2 0-0 8. 0-0 Nc6 9. Be3 a6 10. Kh1 Qc7 11. Rc1 Bd7 12. Nd5 Qd8 13. Nxc6 bxc6 14. Bb6 Qb8 15. Bc7 Qe8 16. Nxf6+ Bxf6 17. b4 Qc8 18. Bb6 Be6 19. f4 Qb7 20. Ba5 Qa7 21. Bf3 Rac8 22. c5 Bxa2 23. cxd6 exd6 24. Qxd6 Be7 25. Qd2 Bb3 26. Bg4 Be6 27. f5 Bd7 28. Rfd1 1-0

[Event "Sao Paulo Salles Cup 3rd"]
[Site "Sao Paulo"]
[Date "2015.03.21"]
[Round "3"]
[White "Sato, Leticia Miho"]
[Black "Patino, Adilia"]
[Result "0-1"]
[WhiteElo "1384"]
[BlackElo "1966"]
[PlyCount "74"]
[EventDate "2015.03.20"]
[EventType "swiss"]
[EventRounds "6"]
[EventCountry "BRA"]
[SourceTitle "CBM 165 Extra"]
[Source "ChessBase"]
[SourceDate "2015.04.21"]
[SourceVersion "1"]
[SourceVersionDate "2015.04.21"]
[SourceQuality "1"]

1. d4 Nf6 2. Nf3 g6 3. Bf4 d6 4. e3 Bg7 5. Bc4 0-0 6. h3 c5 7. c3 cxd4 8. exd4 Nc6 9. Nbd2 a6 10. 0-0 b5 11. Be2 e5 12. dxe5 Nd5 13. Bg3 dxe5 14. Ne4 Nb6 15. Qxd8 Rxd8 16. Nc5 Rd5 17. b4 Bf5 18. Rad1 Bc2 19. Rxd5 Nxd5 20. Rc1 Bf5 21. Ng5 Bh6 22. Bf3 e4 23. Ncxe4 Bxe4 24. Bxe4 Bxg5 25. Rd1 Nxc3 26. Bxc6 Ra7 27. Rd8+ Bxd8 28. a3 Ne2+ 29. Kh2 Nxg3 30. fxg3 Rc7 31. Bf3 Rc3 32. Bb7 Rxa3 33. Bc8 Bc7 34. h4 Bxg3+ 35. Kh3 Bd6+ 36. Kg4 Bxb4 37. g3 Bd6 0-1

[Event "Sao Paulo op-B 2nd"]
[Site "Sao Paulo"]
[Date "2015.02.08"]
[Round "5"]
[White "Francelli, Derli"]
[Black "Patino, Adilia"]
[Result "0-1"]
[WhiteElo "1685"]
[BlackElo "1986"]
[PlyCount "58"]
[EventDate "2015.02.05"]
[EventType "swiss"]
[EventRounds "6"]
[EventCountry "BRA"]
[SourceTitle "CBM 164 Extra"]
[Source "ChessBase"]
[SourceDate "2015.03.02"]
[SourceVersion "1"]
[SourceVersionDate "2015.03.02"]
[SourceQuality "1"]

1. d4 Nf6 2. c4 g6 3. Nc3 Bg7 4. e4 d6 5. f3 0-0 6. Bg5 Nbd7 7. Qd2 c5 8. d5 Re8 9. Bd3 Ne5 10. Nge2 Qb6 11. Na4 Nxd3+ 12. Qxd3 Qb4+ 13. Nec3 Bd7 14. a3 Qb3 15. Qd1 Qxc4 16. b3 Qa6 17. Bd2 Bxa4 18. Nxa4 Nd7 19. Nc3 Ne5 20. Qe2 Nd3+ 21. Kf1 c4 22. bxc4 Qxc4 23. Rc1 Rec8 24. Rc2 Bd4 25. g3 Nf2 26. Qxc4 Rxc4 27. Rg1 Rac8 28. Rg2 Nd1 29. Nxd1 Rxc2 0-1

[Event "Sao Paulo op-B 2nd"]
[Site "Sao Paulo"]
[Date "2015.02.07"]
[Round "4"]
[White "Patino, Adilia"]
[Black "Mesquita, Arnaldo Leite"]
[Result "1/2-1/2"]
[WhiteElo "1986"]
[BlackElo "1708"]
[PlyCount "49"]
[EventDate "2015.02.05"]
[EventType "swiss"]
[EventRounds "6"]
[EventCountry "BRA"]
[SourceTitle "CBM 164 Extra"]
[Source "ChessBase"]
[SourceDate "2015.03.02"]
[SourceVersion "1"]
[SourceVersionDate "2015.03.02"]
[SourceQuality "1"]

1. c4 Nf6 2. Nc3 e6 3. d4 d5 4. e3 Bb4 5. Bd2 0-0 6. Nf3 c5 7. cxd5 exd5 8. dxc5 Bxc5 9. Na4 Be7 10. Rc1 Nc6 11. Be2 d4 12. exd4 Nxd4 13. Nxd4 Qxd4 14. Bc3 Qxd1+ 15. Rxd1 Be6 16. b3 Ne4 17. 0-0 Nxc3 18. Nxc3 Rad8 19. Bf3 b6 20. Nb5 a5 21. Nc7 Bf5 22. Nd5 Bc5 23. Rfe1 Rd7 24. Nc3 Rxd1 25. Rxd1 1/2-1/2

[Event "Sao Paulo op-B 2nd"]
[Site "Sao Paulo"]
[Date "2015.02.07"]
[Round "3"]
[White "Tamarozi, Isabelle"]
[Black "Patino, Adilia"]
[Result "1-0"]
[WhiteElo "1825"]
[BlackElo "1986"]
[PlyCount "83"]
[EventDate "2015.02.05"]
[EventType "swiss"]
[EventRounds "6"]
[EventCountry "BRA"]
[SourceTitle "CBM 164 Extra"]
[Source "ChessBase"]
[SourceDate "2015.03.02"]
[SourceVersion "1"]
[SourceVersionDate "2015.03.02"]
[SourceQuality "1"]

1. e4 c5 2. Nf3 d6 3. d4 cxd4 4. Nxd4 Nf6 5. Nc3 a6 6. Be2 e6 7. 0-0 Be7 8. Kh1 0-0 9. a4 Qc7 10. f4 Nbd7 11. Nb3 b6 12. Bf3 Bb7 13. Be3 Rfd8 14. Qe1 Rac8 15. g4 Qc4 16. Nd2 Qb4 17. g5 Ne8 18. Rb1 Nc5 19. f5 exf5 20. exf5 Bxf3+ 21. Rxf3 Bf8 22. Rf4 Qa5 23. b4 Nd3 24. cxd3 Qe5 25. Nc4 Qe7 26. Bxb6 Qxg5 27. Qg3 Qxg3 28. hxg3 Rd7 29. Bd4 Rb8 30. Nb6 Rdb7 31. a5 Be7 32. Ncd5 Bg5 33. Re4 Kf8 34. Rbe1 Nf6 35. Bxf6 gxf6 36. R1e2 Kg7 37. Rh2 h6 38. Rhe2 Rd8 39. Re7 Rxe7 40. Rxe7 Kf8 41. Re4 Rb8 42. Nd7+ 1-0

[Event "Sao Paulo op-B 2nd"]
[Site "Sao Paulo"]
[Date "2015.02.05"]
[Round "1"]
[White "Silva, Vinicius Parente"]
[Black "Patino, Adilia"]
[Result "1/2-1/2"]
[WhiteElo "1675"]
[BlackElo "1986"]
[PlyCount "99"]
[EventDate "2015.02.05"]
[EventType "swiss"]
[EventRounds "6"]
[EventCountry "BRA"]
[SourceTitle "CBM 164 Extra"]
[Source "ChessBase"]
[SourceDate "2015.03.02"]
[SourceVersion "1"]
[SourceVersionDate "2015.03.02"]
[SourceQuality "1"]

1. Nf3 d5 2. g3 Nf6 3. Bg2 c5 4. 0-0 Nc6 5. d3 e5 6. e4 d4 7. b3 Be7 8. a4 0-0 9. Ne1 Ne8 10. f4 Nd6 11. f5 c4 12. g4 Bd7 13. Nd2 cxd3 14. cxd3 Rc8 15. Ndf3 f6 16. h4 Nf7 17. Nc2 Be8 18. Bd2 Kh8 19. b4 a5 20. bxa5 Nxa5 21. Nb4 Bxb4 22. Bxb4 Rg8 23. g5 Nc6 24. Bd2 g6 25. fxg6 Rxg6 26. h5 Rg8 27. gxf6 Qxf6 28. Ng5 Qg7 29. Nxf7+ Bxf7 30. Rf2 Be6 31. h6 Qg3 32. Qf3 Qxf3 33. Rxf3 Ne7 34. Rc1 Nc6 35. Kh2 Bb3 36. a5 Rgf8 37. Rxf8+ Rxf8 38. a6 Ba4 39. axb7 Rb8 40. Rb1 Nd8 41. Ba5 Rxb7 42. Rxb7 Nxb7 43. Bc7 Nc5 44. Bxe5+ Kg8 45. Bxd4 Nxd3 46. Kg3 Kf7 47. e5 Nb4 48. Be4 Bc2 49. Bc3 Nd3 50. Kf3 1/2-1/2

[Event "Paulista-ch (Women)"]
[Site "Americana"]
[Date "2013.09.20"]
[Round "1.2"]
[White "Patino, Adilia"]
[Black "Bonvini, Adriana Tonhati"]
[Result "1-0"]
[WhiteElo "2007"]
[BlackElo "1466"]
[PlyCount "65"]
[EventDate "2013.09.20"]
[EventType "swiss"]
[EventRounds "6"]
[EventCountry "BRA"]
[SourceTitle "EXT 2022"]
[Source "ChessBase"]
[SourceDate "2021.10.06"]
[SourceVersion "1"]
[SourceVersionDate "2021.10.06"]
[SourceQuality "1"]

1. c4 Nf6 2. Nc3 g6 3. Nf3 Bg7 4. d4 d6 5. g3 0-0 6. Bg2 Nbd7 7. 0-0 Re8 8. e4 e5 9. d5 Nf8 10. Qc2 h6 11. b4 g5 12. c5 Bd7 13. Ba3 Rc8 14. b5 c6 15. bxc6 bxc6 16. dxc6 Bxc6 17. cxd6 Bxe4 18. Qd2 Bc6 19. Rfe1 Ng6 20. h3 Bf8 21. Rad1 Nd7 22. Nd5 Rb8 23. Nc7 Qf6 24. Nxe8 Rxe8 25. Qc3 Rc8 26. Qe3 Nb6 27. Nxe5 Nxe5 28. Qxe5 Qxe5 29. Rxe5 Bxg2 30. Kxg2 Nc4 31. d7 Rd8 32. Re8 Rxe8 33. dxe8Q 1-0

[Event "Paulista-ch (Women)"]
[Site "Americana"]
[Date "2013.09.20"]
[Round "2.1"]
[White "Ramillo, Vitoria Matheus"]
[Black "Patino, Adilia"]
[Result "0-1"]
[WhiteElo "1775"]
[BlackElo "2007"]
[PlyCount "116"]
[EventDate "2013.09.20"]
[EventType "swiss"]
[EventRounds "6"]
[EventCountry "BRA"]
[SourceTitle "EXT 2022"]
[Source "ChessBase"]
[SourceDate "2021.10.06"]
[SourceVersion "1"]
[SourceVersionDate "2021.10.06"]
[SourceQuality "1"]

1. e4 c5 2. Nf3 d6 3. d4 cxd4 4. Nxd4 Nf6 5. Nc3 a6 6. g3 e6 7. Bg2 Be7 8. 0-0 0-0 9. b3 Qc7 10. Bb2 Bd7 11. Qd3 Nc6 12. a3 Ne5 13. Qd2 Rac8 14. Nce2 b5 15. Rac1 Bc6 16. f4 Ned7 17. Nxc6 Qxc6 18. e5 Ne4 19. Bxe4 Qxe4 20. exd6 Bd8 21. Bd4 Nf6 22. c4 bxc4 23. bxc4 Rb8 24. Qc2 Qc6 25. c5 Nd5 26. Nc3 Bf6 27. Qe4 Bxd4+ 28. Qxd4 Nf6 29. Rb1 Nd7 30. Na4 Rb5 31. Rfc1 Rfb8 32. Rb4 a5 33. Rbc4 Rb1 34. Qd2 R8b5 35. Kf2 Rxc1 36. Qxc1 Rb3 37. Nc3 Nxc5 38. Nd5 Qxd5 39. Rxc5 Rb2+ 40. Qxb2 Qxc5+ 41. Kg2 Qxd6 42. Qc3 Qd5+ 43. Kf2 h6 44. Qc8+ Kh7 45. Qc2+ f5 46. Ke3 h5 47. Kf2 Kh6 48. a4 Qd4+ 49. Kf3 Kg6 50. Qc6 Kf6 51. Qc2 g5 52. Qb3 g4+ 53. Ke2 Qe4+ 54. Kf2 h4 55. Qc3+ Kg6 56. Qb3 h3 57. Qb5 Qf3+ 58. Ke1 Qh1+ 0-1

[Event "Buenos Aires GP I"]
[Site "Buenos Aires"]
[Date "1992.??.??"]
[Round "6"]
[White "Patino, Adilia"]
[Black "Playa, Marcelo"]
[Result "0-1"]
[WhiteElo "2005"]
[BlackElo "2390"]
[PlyCount "74"]
[EventDate "1992.??.??"]
[EventType "swiss"]
[EventRounds "7"]
[EventCountry "ARG"]
[SourceTitle "EXT 1998"]
[Source "ChessBase"]
[SourceDate "1997.11.17"]
[SourceVersion "1"]
[SourceVersionDate "1997.11.17"]
[SourceQuality "1"]

1. e4 c5 2. Nf3 Nc6 3. d4 cxd4 4. Nxd4 g6 5. g3 Bg7 6. Nb3 a5 7. a4 b6 8. Na3 Nf6 9. Bg2 Ba6 10. Nb5 0-0 11. 0-0 Rc8 12. Re1 d6 13. N3d4 Nxd4 14. Nxd4 Nd7 15. Be3 Qc7 16. Rc1 Nc5 17. b3 e5 18. Ne2 Bxe2 19. Rxe2 Qc6 20. c4 Ne6 21. Qd3 Rcd8 22. Rd1 Bf6 23. Bh3 Nc5 24. Bxc5 dxc5 25. Bd7 Qa8 26. Qd5 Rxd7 27. Qxd7 Rd8 28. f3 Bg5 29. Red2 Rxd7 30. Rxd7 Qc6 31. R1d5 Qe6 32. Kg2 h5 33. h4 Be7 34. Rd1 f5 35. R7d5 fxe4 36. fxe4 Qg4 37. Kf2 Kf8 0-1